Les caricatures dans Astérix - Statistiques

Statistiques générales
  • Ce quiz a été pris 45 fois
  • Le résultat moyen est 29 sur 89
Statistiques - réponses
Hint Album Nom Réalité Initiales Nom et Prénom % Correct
Femmes Astérix chez les Belges Femme d'un chef belge - Nicotine Chanteuse 1928-2020 AC Annie Cordy
82%
Femmes Les 12 travaux d'Astérix Venus Chanteuse/Actrice 1934 BB Brigitte Bardot
82%
Hommes Astérix : Le Secret de la potion magique Druide Christ 0-33 J Jésus
79%
Hommes Astérix chez les Belges Légionnaire romain Humoriste 1944-1986 C Coluche
73%
Femmes Astérix et la Transitalique Aurige koushite - Toutunafer Joueuse de tennis 1981 SW Serena Williams
73%
Hommes Astérix et le chaudron / Obélix et Cie / Le papyrus de César... Spectateur de théâtre Légionnaire Dessinateur - Uderzorix Dessinateur de BD 1927-2020 AU Albert Uderzo
70%
Hommes Astérix chez les Bretons Bardes bretons Groupe de rock TB The Beatles
70%
Femmes Astérix et la Transitalique Aurige koushite - Niphéniafer Joueuse de tennis 1980 VW Venus Williams
70%
Hommes Astérix chez les Pictes Barde - Mac Keul Chanteur 1943-2017 JH Johnny Hallyday
67%
Hommes Astérix et la Transitalique Mosaïste Peintre / Inventeur 1452-1519 LDV Léonard de Vinci
64%
Femmes Astérix légionnaire / La galère d'Obélix / Astérix et Latraviata / Astérix et la rentrée gauloise Gauloise - Falbala Femme d'Albert Uderzo AU Ada Uderzo
61%
Hommes La fille de Vercingétorix Chef arverne - Monolitix Militaire/Homme politique 1890-1970 CDG Charles de Gaulle
61%
Hommes Astérix chez les Belges Messager rapide Coureur cycliste 1945 EM Eddy Merckx
61%
Hommes Astérix et Cléopâtre / Obélix et Cie / L'odyssée d'Astérix... Scribe - Misenplis Légionnaire Scénariste - Goscinnyrix Commis - Saul Pehyé... Scénariste de BD 1926-1977 RG René Goscinny
61%
Hommes Astérix et la Transitalique Aurige romain Coureur automobile 1955 AP Alain Prost
58%
Personnages de fiction Astérix chez les Belges Messagers Personnages de Tintin D D Dupond et Dupont
52%
Hommes Obélix et Cie / Astérix et la rentrée gauloise Sénateur - Caius Saugrenus Antiquaire - Titus Rominus Homme politique 1932-2019 JC Jacques Chirac
52%
Personnages de fiction Astérix et la Transitalique Femme à sa fenêtre Portrait de L. de Vinci LJ La Joconde
52%
Personnages de fiction Astérix chez les Bretons Légionnaire Personnage d'Achille Talon AT Achille Talon
48%
Hommes La fille de Vercingétorix / Astérix et le Griffon Un pirate Chanteur/Acteur 1924-2018 CA Charles Aznavour
48%
Personnages de fiction Astérix en Hispanie Ibère Personnage créé par Cervantès DQ Don Quichotte
48%
Personnages de fiction Astérix chez les Belges Garçonnet - Manneken Sculpture bruxelloise MP Manneken-Pis
48%
Personnages de fiction Le combat des chefs Animal - Marsupilamix Personnage de Spirou M Marsupilami
48%
Personnages de fiction Le ciel lui tombe sur la tête Animal - Toune Personnage de Disney MM Mickey Mouse
48%
Personnages de fiction Astérix gladiateur Pirate Personnage de Barbe-Rouge BR Barbe Rouge
45%
Personnages de fiction Astérix chez les Helvètes Helvète Héros suisse GT Guillaume Tell
45%
Hommes Le domaine des Dieux Ordonnateur des jeux du cirque - Guilus Animateur 1919-2003 GL Guy Lux
45%
Hommes La serpe d'or / Astérix et le Chaudron / Le tour de Gaule d'Astérix / Astérix en Corse Aubergiste Comédien - Juleraimus Aubergiste - César Labeldecadix Acteur 1883-1946 R Raimu
45%
Femmes Astérix et la Transitalique Serveuse Actrice 1934 SL Sophia Loren
45%
Hommes La fille de Vercingétorix Chef arverne - Ipocalorix Homme politique 1874-1965 WC Winston Churchill
45%
Hommes L'Odyssée d'Astérix Procurateur de Rome en Judée - Ponce Pénates Acteur 1904-1976 JG Jean Gabin
42%
Hommes La Zizanie Centurion - Caius Aérobus Acteur 1919-1987 LV Lino Ventura
42%
Hommes Astérix et la Transitalique Aubergiste Chanteur lyrique 1935-2007 LP Luciano Pavarotti
42%
Hommes L'Odyssée d'Astérix Druide espion - Zéroeérosix Acteur 1930-2020 SC Sean Connery
42%
Personnages de fiction Le ciel lui tombe sur la tête Superclone Personnage de comics S Superman
42%
Hommes L'Odyssée d'Astérix Chef de la police secrète de César - Caius Soutienmordicus Acteur 1916-1989 BB Bernard Blier
39%
Hommes La galère d'Obélix Esclave grec - Spartakis Acteur 1916-2020 KD Kirk Douglas
39%
Personnages de fiction Les 12 travaux d'Hercule Indien d'Amérique Personnage de Oumpah-Pah OP Oumpah-Pah
39%
Hommes Astérix légionnaire / Astérix en Corse / Le cadeau de César / Obélix et Cie / Astérix chez les Belges Général romain Centurion - Gazpachoandalus Légionnaire Journaliste 1928-2016 PT Pierre Tchernia
39%
Hommes Le cadeau de César Légionnaire - Claudius Bouilleurdecrus Acteur/Chanteur 1921-1991 YM Yves Montand
36%
Hommes Astérix et la Transitalique Journaliste Journaliste 1949 JJB Jean-Jacques Bourdin
33%
Hommes Le papyrus de César Légionnaire Acteur 1948 JR Jean Reno
33%
Hommes La fille de Vercingétorix Garde gaulois - Simplebasix Chanteur 1982 O Orelsan
33%
Hommes Le ciel lui tombe sur la tête Superclone Homme politique / Acteur 1947 AS Arnold Schwarzenegger
30%
Hommes Le papyrus de César Journaliste au Mundus Journaliste 1949 FOG Franz-Olivier Giesbert
30%
Hommes La fille de Vercingétorix Pisteur biturige - Adictosérix Acteur 1948 GD Gérard Depardieu
30%
Hommes Le papyrus de César Editeur - Bonus Promoplus Publicitaire 1934 JS Jacques Séguéla
30%
Hommes Astérix légionnaire / Astérix et Latraviata Loueur de chars - Tragicomix Acteur 1913-1998 JM Jean Marais
30%
Personnages de fiction Le ciel lui tombe sur la tête Fusée et robots Personnage de dessin animé G Goldorak
27%
Hommes Astérix chez les Bretons / Astérix en Corse Chef de village breton - Zebigbos Homme politique 1916-1995 HW Harold Wilson
27%
Personnages de fiction L'Odyssée d'Astérix / Astérix chez Rahazade Pirate Personnage créé par Mary Shelley MDF Monstre de Frankenstein
27%
Personnages de fiction Astérix en Hispanie Ibère Personnage créé par Cervantès SP Sancho Pança
27%
Personnages de fiction Astérix gladiateur Pirate Personnage de Barbe-Rouge TP Triple Patte
27%
Personnages de fiction Astérix gladiateur Pirate Personnage de Barbe-Rouge B Baba
24%
Hommes Le papyrus de César Colporteur - Doublepolémix Fondateur de Wikileaks 1971 JA Julian Assange
24%
Hommes Astérix et le Griffon Géographe - Terrinconus Ecrivain 1956 MH Michel Houellebecq
24%
Femmes Astérix et la Transitalique Femme portant du raisin Actrice 1964 MB Monica Belluci
24%
Hommes Astérix chez les Pictes Chef picte - Mac Abbeh Acteur 1966 VC Vincent Cassel
24%
Hommes Le papyrus de César Dresseur de rapaces Réalisateur 1899-1980 AH Alfred Hitchcock
21%
Hommes La Rose et le Glaive Grand organisateur de spectacles Directeur de l'Olympia 1910-1979 BC Bruno Coquatrix
18%
Hommes Astérix et la Transitalique Sponsor - Crésus Lupus Homme politique 1936-2023 SB Silvio Berlusconi
18%
Hommes Les lauriers de César Directeur du cirque Maxime Acteur 1921-2001 JR Jean Richard
15%
Hommes L'iris blanc Acteur - Boxoffix Acteur 1930-2017 JR Jean Rochefort
15%
Hommes La serpe d'or Coureur Dessinateur de BD 1923-2021 JG Jean Graton
12%
Hommes Obélix et Compagnie Légionnaire Acteur 1892-1957 OH Oliver Hardy
12%
Hommes Le tour de Gaule d'Astérix Préfet romain - Encorutilfaluquejelesus Acteur 1921-2004 PU Peter Ustinov
12%
Hommes Obélix et Compagnie Légionnaire Acteur 1890-1965 SL Stan Laurel
12%
Femmes Le cadeau de César Aubergiste - Angine Actrice 1891-1974 FR Françoise Rosay
9%
Hommes La galère d'Obélix Grand prêtre atlante Animateur 1928 JPR Jean-Paul Rouland
9%
Femmes Le bouclier arverne Femme d'Abraracourcix Actrice 1932 MV Marthe Villalonga
9%
Hommes Astérix gladiateur / La Zizanie / Le Devin / Le fils d'Astérix / La fille de Vercingétorix Fils adoptif de César - Brutus Acteur 1925-2010 TC Tony Curtis
9%
Hommes Le combat des chefs / Le ciel lui tombe sur la tête Centurion - Langélus Centurion - Avantipopulus Homme politique 1883-1945 BM Benito Mussolini
6%
Hommes Astérix et la Transitalique Journaliste Acteur 1929-2016 BS Bud Spencer
6%
Hommes Astérix et le Griffon Centurion - Dansonjus Acteur 1940-2023 BY Burt Young
6%
Hommes La serpe d'or Préfet de Lutèce - Gracchys Pleindastus Acteur 1899-1962 CL Charles Laughton
6%
Hommes Le tour de Gaule d'Astérix Joueur de cartes - Panix Acteur 1887-1944 FC Fernand Charpin
6%
Hommes Astérix et le chaudron Metteur en scène / Eléonoradus Acteur 1935-2010 LT Laurent Terzieff
6%
Hommes L'iris blanc Loueur de charri'lib Acteur 1993 VL Vincent Lacoste
6%
Hommes La Rose et le Glaive Légionnaire Acteur 1935 AM Aldo Maccione
3%
Hommes Le cadeau de César Aubergiste - Orthopédix Acteur 1877-1960 AA André Alerme
3%
Hommes L'iris blanc Tribun Haut-fonctionnaire 1960 DO Denis Olivennes
3%
Hommes Astérix gladiateur Préfet des Gaules - Caligula Alavacomgetepus Journaliste 1904-1975 GF Georges Fronval
3%
Hommes Astérix en Hispanie Chef d'orchestre Compositeur 1922-2015 GC Gérard Calvi
3%
Hommes Le fils d'Astérix Préfet des Gaules - Julius Epinedecactus Acteur 1925-2001 JL Jack Lemmon
3%
Hommes Astérix chez les Helvètes Convive d'une orgie Acteur 1944 MP Martin Potter
3%
Hommes Le tour de Gaule d'Astérix Joueur de cartes - Escartefigue Acteur 1882-1941 PD Paul Dullac
3%
Hommes Astérix et la Transitalique Journaliste Acteur/Réalisateur 1952 RB Roberto Benigni
3%
Hommes Le tour de Gaule d'Astérix Etranger venant de Lyon Acteur 1906-1982 RV Robert Vattier
3%
Hommes Astérix en Corse Chef de clan - Ocatarinetabellatchitchix Journaliste 1931-2022 PG Paul Giannoli
0%
Aucun quiz correspondant
Distribution des résultats
% des personnes avec chaque résultat
Percentile par nombre de réponses
Votre historique - résultats
Vous n’avez pas pris ce quiz